000 02491nam0a2200433 4500
001 RU\NLR\bibl\963282
005 20260408195010.0
010 _a5-8356-0455-6
_9200
021 _aRU
_b2006-27133
_91346
035 _a(nilc)RSL-KNO-002885491
035 _a(NLR Aleph) 000951298
090 _a281402
_c281402
100 _a20060511d2005 |||y0rusy50 ca
101 0 _arus
102 _aRU
105 _aa |||||||||
106 _ar
200 1 _aЕвропейские социальные модели: подходят ли они для России
_eмеждународная научно-практическая конференция, 25-26 нояб. 2005 г.
_eсборник статей
_f[под ред. М. К. Горшкова, д.филос.н., проф. и др.]
210 _aПенза
_cПриволжский Дом знаний
_d2005
215 _a360, [1] с.
_cил.
_d21
300 _aВ надзаг.: Правительство Пенз. обл., Представительство фонда им. Ф. Эберта в Рос. Федерации, Ин-т социологии Рос. акад. наук [и др.]
320 _aБиблиогр. в конце ст.
607 _aРоссийская Федерация
_jСъезды, совещания и т.п
_xСоциальное развитие
_xСоциально-философские вопросы
_92227794
_3RU\NLR\AUTH\661337304
607 _aЕвропейские страны
_jСъезды, совещания и т.п
_xСоциальное развитие
_xСоциологические исследования
_92307607
_3RU\NLR\AUTH\661381223
610 0 _aСоциология -- Материалы конференции
686 _aС5я431(0)
_2rubbk
686 _aС59(4)я431
686 _aС508.0я431
686 _aЮ6я431
702 1 _4340
_7ca
_8rus
_aГоршков
_bМ. К.
_f1950-
_gМихаил Константинович
_941980
_3RU\NLR\auth\7759048
711 1 2 _a"Европейские социальные модели: подходят ли они для России", международная научно-практическая конференция
_eПенза
_f2005
_9671290
_3RU\NLR\AUTH\8810084627
801 0 _aRU
_bРКП
_c20060511
_grcr
801 1 _aRU
_bРГБ
_c20060511
801 2 _aRU
_bNLR
_c20060629
_grcr
942 _cBOOK
980 _aNB
980 _aNBR